000 00549nam a2200181Ia 4500
003 GCL
008 140319s9999 xx 000 0 ara d
040 _aGCL /
_cGCL
082 0 4 _aق
_b069.0962
_bم م
245 1 0 _aالمتحف المصرى
260 _aالقاهرة :
_bهيئة الكتاب المصرى ،
_c1962
300 _a86 ص ؛
_c19 سم
650 0 4 _aالحضارة الفرعونية
650 0 4 _aالاثار الفرعونية
650 0 4 _aالمتحف المصرى
650 0 4 _aمصر - المتاحف
942 _2ddc
_cBK
999 _c58645
_d58645